000 00601nam a2200229Ia 4500
003 IT-RoPAU
008 120407s9999 xx 000 0 und d
040 _aIT-RoPAU
040 _cIT-RoPAU
041 _aita
100 _aElio Gambari
245 _aL’aggiornamento della formazione alla vita religiosa. Testo e commento a “Renovationis causam” del 6 gennaio 1969
250 _aRoma
260 _aCentro Monfortiano
260 _c1969
300 _a142 p.
300 _c21,5 cm
490 _a1.Encicliche e doc. -Renovationis causam.
490 _v1
942 _cBK
999 _c25656
_d25656